00608nmm a2200181Ia 4500008004100000020001800041041000800059100003500067245008700102264006600189300001800255650001400273700003500287700002900322856005100351942000700402999001700409251105s9999||||xx |||||||||||||||||und|| a9788491162131 aspa aPérez Tornero, José Manuel 0aIdeas para aprender a aprender :b Manual de innovación educativa y tecnología a[Madrid, España] :bUniversitat Oberta de Catalunya, c2016 a342 páginas aEducation aPérez Tornero, José Manuel1 a Tejedor Calvo, Santiago uhttps://public.digitaliapublishing.com/a/43925 cCF c69950d69950